1000 nhân vật /
Guardado en:
| Autor Corporativo: | |
|---|---|
| Otros Autores: | , , |
| Formato: | Sách giấy |
| Lenguaje: | Vietnamese |
| Publicado: |
H. :
Lao động,
2001
|
| Etiquetas: |
Agregar Etiqueta
Sin Etiquetas, Sea el primero en etiquetar este registro!
|
| Thư viện lưu trữ: | Thư viện Trường Đại học Đà Lạt |
|---|
| LEADER | 00822nam a2200313 4500 | ||
|---|---|---|---|
| 001 | DLU030021014 | ||
| 003 | ##DLU | ||
| 005 | ##20021230 | ||
| 008 | ##021230t vn z000 vie d | ||
| 040 | # | # | |a DLU |b vie |
| 041 | # | # | |a vie |
| 044 | # | # | |a vn |
| 082 | # | # | |a 920.02 |b Oxf |
| 110 | # | # | |a The Oxford |
| 245 | # | # | |a 1000 nhân vật / |c The Oxford; Trần Cứu Quốc, ... [và những người khác] |
| 260 | # | # | |a H. : |b Lao động, |c 2001 |
| 300 | # | # | |a 647 tr. ; |c 21 cm |
| 700 | # | # | |a Mạc Đức Trọng |e Biên dịch |
| 700 | # | # | |a Nguyễn Minh Hoà |e Biên dịch |
| 700 | # | # | |a Trần Cứu Quốc |e Biên dịch |
| 992 | # | # | |a 70000 |
| 994 | # | # | |a DLU |
| 900 | # | # | |a True |
| 911 | # | # | |a Phan Ngọc Đông |
| 925 | # | # | |a G |
| 926 | # | # | |a A |
| 927 | # | # | |a SH |
| 980 | # | # | |a Thư viện Trường Đại học Đà Lạt |